| 000 | 00623cab a2200241 4500 | ||
|---|---|---|---|
| 001 | ABS60322 | ||
| 008 | 090401t1999 xxu||||| |||| 00| 0 eng d | ||
| 035 | _a(Sirsi) u92448 | ||
| 041 | _aeng | ||
| 100 | _aSudgen, P. | ||
| 245 | _aWhen the insurance cover is no protection | ||
| 260 | _c1999 | ||
| 350 | _a0 | ||
| 490 |
_aProperty Week _v64(11) 26 March 1999, 38(1) |
||
| 650 | _aINSURANCE COVER | ||
| 650 | _aINSURANCE POLICIES | ||
| 650 | _aINVESTMENT PROPERTY | ||
| 650 | _aLAW OF PROPERTY ACT 1925 S47 | ||
| 650 | _aPROPERTY INSURANCE | ||
| 690 |
_aInsurance _96249 |
||
| 942 | _n0 | ||
| 948 | _c30/03/1999 | ||
| 999 |
_c58605 _d58605 |
||